| 000 | 00365 a2200169 4500 | ||
|---|---|---|---|
| 001 | 49644 | ||
| 020 | _a8532255787 | ||
| 040 | _cAnchieta - Bela Vista | ||
| 100 | _aBandeira, Pedro | ||
| 240 | 1 | 0 |
_aUma ideia solta no ar _lpor |
| 245 | 1 | 0 | _aUma ideia solta no ar |
| 300 | _a32 | ||
| 362 | 0 | _a2005 | |
| 440 | 1 | _aFTD | |
| 650 | 4 | _aLiteratura juvenil | |
| 942 | _cBK | ||
| 999 |
_c49644 _d49644 |
||